000 00978 am a2200265 a 4500
005 20231219093819.0
008 100329s2000||||ag a f |||| 001 0 spa d
020 _a9879694686
041 _aspa
092 _c616.136
_l22
_sESP
100 1 _aEsper, Ricardo J.
_9383
245 3 _aLa placa ateroesclerótica vulnerable.
_bDe la disfunción endotelial al síndrome isquémico agudo /
_cRicardo J. Esper
250 _a1a ed.
260 _aBuenos Aires:
_bLaboratorios Bago;
_c2000.
300 _a130 p.
500 _aEsper, R. J. y Vilariño, J. O. (2000). La placa ateroesclerótica vulnerable. De la disfunción endotelial al síndrome isquémico agudo. (1a ed.). Buenos Aires : Laboratorios Bago.
590 _aDonación J. M. Alfonso, Mayo 2008
653 _aCardiología
653 _aPlaca ateroesclerótica
653 _aDisfunción endotelial
653 _aSindrome isquémico agudo
700 1 _aVilariño, Jorge O.
_9384
930 _a1929
942 _2ddc
_cBK
999 _c188
_d188